| 000 | 00768nmm a2200289 a 4500 | ||
|---|---|---|---|
| 003 | AR-BaBNM | ||
| 005 | 20251128210450.0 | ||
| 008 | 260020s1999 ||||||||||||||000 | spa|| | ||
| 020 | _a981-232-097-0 | ||
| 040 | _cAR-BaBNM | ||
| 100 | 1 |
_aChang, Yung-Fa _c1927 |
|
| 245 | 1 | 0 |
_aTides of fortune _bmemoirs of Chang Yung-Fa |
| 260 |
_aSingapur _bTimes Books International _c1999 |
||
| 300 |
_a299 p. _bil. |
||
| 650 | 4 | _aECONOMIA | |
| 650 | 4 | _aCOMERCIALIZACION | |
| 650 | 4 | _aCOMERCIO INTERNACIONAL | |
| 650 | 4 | _aCAPITALISMO | |
| 650 | 4 | _aMERCADOS | |
| 650 | 4 | _aAUTOBIOGRAFIAS | |
| 650 | 4 | _aLIBRE COMERCIO | |
| 651 | 4 | _aTaiwan | |
| 700 | 1 |
_aChoon-Ian, Molly Mok _etraductor |
|
| 700 | 1 |
_aThatcher, Margaret _eprologuista |
|
| 942 | _cBK | ||
| 998 | _cMARTIN | ||
| 999 |
_c15557 _d15557 |
||